00816nam a2200205 a 450000100060000000300080000600500170001400800410003103500190007204000260009104100080011708200250012510000370015024500970018726001370028430000680042165000510048965000200054070000500056049111BD-RjUL20211209054633.0160817s1967 ru a|||| |||| 00| 0 ben d a(BD-RjUL)49230 aBD-RjULbbencBD-RjUL aben 223a891.73bPOM 19671 aপলেভয়, মরিস10aমানুষের মত মানুষ /cসমর সেন ; অনুবাদক  aমস্কো : bবিদেশী ভাষায় সাহিত্য প্রকাশনালয়, c১৯৬৭ a৩৮৮ পৃ. : c২১ সেমি.bচিত্র ;  aরাশিয়ান উপন্যাস aRussian Fiction aসেন, সমর ; অনুবাদক